Pays contenant du vert sur leur drapeau - Mort Subite - Statistiques

Statistiques générales
  • Ce quiz a été pris 69 fois
  • Le résultat moyen est 15 sur 17
Answers on the Grid
Answers color-coded by a green-red scale on the quiz's grid according to % correct below.
Écosse
Thaïlande
Brésil
Philippines
Bulgarie
Bolivie
Albanie
Portugal
Australie
Mexique
Pakistan
Angola
Sénégal
Mali
Mongolie
Honduras
Singapour
Tanzanie
Afrique du Sud
Danemark
Inde
Finlande
Corée du Sud
Bangladesh
Hongrie
Madagascar
Vietnam
Iran
Israël
Suisse
Lituanie
Namibie
 
Statistiques - réponses
Réponse % Correct
Brésil
100%
Portugal
100%
Afrique du Sud
94%
Mexique
94%
Inde
92%
Pakistan
92%
Bulgarie
90%
Hongrie
89%
Sénégal
87%
Bangladesh
86%
Iran
86%
Bolivie
84%
Madagascar
84%
Mali
81%
Lituanie
71%
Tanzanie
68%
Namibie
67%
Aucun quiz correspondant
Distribution des résultats
% des personnes avec chaque résultat
Percentile par nombre de réponses
Votre historique - résultats
Vous n’avez pas pris ce quiz